000 00327nam a2200109Ia 4500
008 220620s9999||||xx |||||||||||||| ||und||
100 _aKlimek, Artur
245 0 _aOffshoring of white-collar services. Business and economic perspective
546 _aEnglish[eng]
856 _uhttps://doi.org/10.1515/9783110690668
942 _cEB
999 _c25868
_d25868